<?xml version="1.0" encoding="UTF-8"?>
<record
    xmlns:xsi="http://www.w3.org/2001/XMLSchema-instance"
    xsi:schemaLocation="http://www.loc.gov/MARC21/slim http://www.loc.gov/standards/marcxml/schema/MARC21slim.xsd"
    xmlns="http://www.loc.gov/MARC21/slim">

  <leader>00183nam a22000857a 4500</leader>
  <controlfield tag="001">1233375</controlfield>
  <controlfield tag="005">20250924131608.0</controlfield>
  <datafield tag="245" ind1=" " ind2=" ">
    <subfield code="a">HANIMIN &#xC7;&#x130;FTL&#x130;&#x11E;&#x130;</subfield>
    <subfield code="c">ORHAN KEMAL</subfield>
  </datafield>
  <datafield tag="260" ind1=" " ind2=" ">
    <subfield code="b">EVEREST</subfield>
  </datafield>
  <datafield tag="999" ind1=" " ind2=" ">
    <subfield code="c">1233375</subfield>
    <subfield code="d">1233375</subfield>
  </datafield>
  <datafield tag="952" ind1=" " ind2=" ">
    <subfield code="0">0</subfield>
    <subfield code="1">0</subfield>
    <subfield code="2">ddc</subfield>
    <subfield code="4">0</subfield>
    <subfield code="7">0</subfield>
    <subfield code="a">1047</subfield>
    <subfield code="b">1047</subfield>
    <subfield code="d">2025-09-24</subfield>
    <subfield code="l">0</subfield>
    <subfield code="o">&#x130;4</subfield>
    <subfield code="p">10479524</subfield>
    <subfield code="r">2025-09-24 13:16:33</subfield>
    <subfield code="w">2025-09-24</subfield>
    <subfield code="y">BK</subfield>
  </datafield>
</record>
